Managing projects: Building and leading the team (Record no. 9561)

MARC details
000 -LEADER
fixed length control field 00625nam a22002177a 4500
003 - CONTROL NUMBER IDENTIFIER
control field OSt
005 - DATE AND TIME OF LATEST TRANSACTION
control field 20251010153533.0
008 - FIXED-LENGTH DATA ELEMENTS--GENERAL INFORMATION
fixed length control field 251010b |||||||| |||| 00| 0 eng d
020 ## - INTERNATIONAL STANDARD BOOK NUMBER
International Standard Book Number 02737651285
040 ## - CATALOGING SOURCE
Transcribing agency MUST
082 ## - DEWEY DECIMAL CLASSIFICATION NUMBER
Classification number 10/32769
100 ## - MAIN ENTRY--PERSONAL NAME
Personal name Boddy David
9 (RLIN) 6675
245 ## - TITLE STATEMENT
Title Managing projects: Building and leading the team
260 ## - PUBLICATION, DISTRIBUTION, ETC. (IMPRINT)
Place of publication, distribution, etc. London
Name of publisher, distributor, etc. Prentice hall
Date of publication, distribution, etc. c2002
300 ## - PHYSICAL DESCRIPTION
Extent xiii,226p. :
Other physical details ill.:
Dimensions 25cm
501 ## - WITH NOTE
With note includes bibliographical references and index
630 ## - SUBJECT ADDED ENTRY--UNIFORM TITLE
Uniform title Terms in the workplace
9 (RLIN) 19460
630 ## - SUBJECT ADDED ENTRY--UNIFORM TITLE
Uniform title Project management
9 (RLIN) 19461
700 ## - ADDED ENTRY--PERSONAL NAME
Personal name David Boddy
9 (RLIN) 19462
942 ## - ADDED ENTRY ELEMENTS (KOHA)
Source of classification or shelving scheme Dewey Decimal Classification
Koha item type Open Shelf
Holdings
Withdrawn status Lost status Source of classification or shelving scheme Damaged status Not for loan Home library Current library Date acquired Source of acquisition Inventory number Total Checkouts Full call number Barcode Date last seen Price effective from Koha item type
    Dewey Decimal Classification     MUST Main Library MUST Main Library 10/10/2025 Donation 10/32769   10/32769 2025-0119 10/10/2025 10/10/2025 Open Shelf